Concrete Technology (Record no. 4488)

MARC details
000 -LEADER
fixed length control field 00354nam a22001577a 4500
005 - DATE AND TIME OF LATEST TRANSACTION
control field 20160628145613.0
008 - FIXED-LENGTH DATA ELEMENTS--GENERAL INFORMATION
fixed length control field 160628b xxu||||| |||| 00| 0 eng d
041 ## - LANGUAGE CODE
Language code of text/sound track or separate title eng
082 ## - DEWEY DECIMAL CLASSIFICATION NUMBER
Item number 11504
100 ## - MAIN ENTRY--AUTHOR NAME
Personal name Singh, Birinder
245 ## - TITLE STATEMENT
Title Concrete Technology
260 ## - PUBLICATION, DISTRIBUTION, ETC. (IMPRINT)
Name of publisher Kapson
300 ## - PHYSICAL DESCRIPTION
Number of Pages 523
650 ## - SUBJECT ADDED ENTRY--TOPICAL TERM
Topical Term Diploma Engineering
942 ## - ADDED ENTRY ELEMENTS (KOHA)
Koha item type Books
Holdings
Lost status Damaged status Home library Date acquired Cost, normal purchase price Full call number Accession Number Koha item type
    JRU Library 28/06/2016 180.00 11504 11504 Books
    JRU Library 28/06/2016 180.00 11504 11505 Books